• 首页
  • 本馆介绍
  • 公告通知
  • 最新文献
  • 馆藏检索
  • 电子资源
  • 读者导购
  • 参考咨询
  • 我的图书馆
  • 登录
  • 详细信息显示
  • 放入我的书架
  • 预约/预借图书
  • 作者相关作品
  • 分类相关作品
  • 丛书相关作品
  • 出版社相关作品

书目信息

  • 表格格式
  • 工作单格式
  • 卡片格式
题名:
配位化学
    
 
作者: 巴索洛 , Basolo , Johnson , 约翰逊 著 ;宋银柱 译
分册:  
出版信息: 北京   北京大学出版社  1982
页数: 411页
开本: 19cm
丛书名:
单 册:
中图分类: O611.662
科图分类:
主题词: 无机化学
电子资源:
ISBN:
000 00770nam0 2200265 45
001 0182000020
005 20070709143431.18
010    @dCNY1.65
091    @a13209.39
100    @a19960215d1982 em y0chiy0121 ea
101 1  @achi@aeng
102    @aCN@b110000
105    @ay z 000yy
200 10 @a配位化学@Apei wei hua xue@e金属配合物的化学@e英汉对照@f(美)巴索罗(Basolo,F.),蒋逊(Johnson,R.C.)著@g宋银柱等译
210    @a北京@c北京大学出版社@d1982
215    @a411页@d19cm
606 0  @a无机化学
690    @aO611.662@v3
701  1 @a巴索洛@Aba suo luo@bF.@4著
701 A1 @aBasolo@bF.@4著
701 A1 @aJohnson@bR.C.@4著
701  1 @a约翰逊@Ayue han xun@bR.C.@4著
702  0 @a宋银柱@Asong yin zhu@4译
801  0 @aCN@bNLC@c20070709
905    @dO611.662@e8
    
    配位化学:金属配合物的化学:英汉对照/(美)巴索罗(Basolo,F.),蒋逊(Johnson,R.C.)著/宋银柱等译.-北京:北京大学出版社,1982
    411页;19cm
    
    
    ISBN :CNY1.65
    
●
相关链接 在E读中查询图书 在五车中查询图书 在当当中查询图书 在豆瓣中查询图书


正题名:配位化学     索取号:O611.662/8         预约/预借

序号 登录号 条形码 馆藏地/架位号 状态 备注
1 0147306   000349581   第三借阅区/ [索取号:O611.662/8] 在馆    
2 0147307   000349572   第三借阅区/ [索取号:O611.662/8] 在馆    
3 0147308   000349563   第三借阅区/ [索取号:O611.662/8] 在馆    
4 0147310   202099371   第二样本阅览室/ [索取号:O611.662/8] 在馆    
5 0461154   204611544   密集书库/ [索取号:O611.662/8] 在馆    
6 0461155   204611553   密集书库/ [索取号:O611.662/8] 在馆    
7 0468771   204687712   密集书库/ [索取号:O611.662/8] 在馆    
8 0768401   207684013   密集书库/ [索取号:O611.662/8] 在馆    
唐山师范学院图书馆 欢迎您!
大连网信软件有限公司© 版权所有